Schaum's outline of theory and problems of bookkeeping and accounting
Guardado en:
| Autor principal: | |
|---|---|
| Formato: | Libro |
| Lenguaje: | Undetermined |
| Publicado: |
New York
McGraw-Hill
1993
|
| Materias: | |
| Etiquetas: |
Agregar Etiqueta
Sin Etiquetas, Sea el primero en etiquetar este registro!
|
| Thư viện lưu trữ: | Trung tâm Học liệu Trường Đại học Cần Thơ |
|---|
| LEADER | 00517nam a2200181Ia 4500 | ||
|---|---|---|---|
| 001 | CTU_98543 | ||
| 008 | 210402s9999 xx 000 0 und d | ||
| 082 | |a 657.076 | ||
| 082 | |b L616 | ||
| 100 | |a Lerner, Joel J. | ||
| 245 | 0 | |a Schaum's outline of theory and problems of bookkeeping and accounting | |
| 245 | 0 | |c Joel J. Lerner | |
| 260 | |a New York | ||
| 260 | |b McGraw-Hill | ||
| 260 | |c 1993 | ||
| 650 | |a Bookkeeping,Accounting | ||
| 904 | |i Tuyến | ||
| 980 | |a Trung tâm Học liệu Trường Đại học Cần Thơ | ||